|
|
|
|
| LEADER |
00000nab a2200000 a 4500 |
| 001 |
vtls010067048 |
| 003 |
SK-MaSNL |
| 005 |
20260426094537.0 |
| 008 |
250507c2010 xo mr|p||||||||00 ||slo |
| 015 |
|
|
|a SNBRB2010/02
|2 snkbucl
|
| 035 |
|
|
|a (uuid)c856ac79-e661-4049-ad53-b5ec72b8b9c2
|
| 035 |
|
|
|a urn:nbn:sk:snk-ab96ca
|
| 035 |
|
|
|a (urnnbn)urn:nbn:sk:snk:ar-0071p4
|
| 038 |
|
|
|a SNKBUCL
|
| 040 |
|
|
|a SNKBUCL
|b slo
|c SNKBUCL
|e AACR2
|
| 041 |
0 |
|
|a slo
|
| 044 |
|
|
|a xo
|c SK
|
| 080 |
|
|
|a 27
|x (4)
|x (437.6)
|2 2001
|
| 100 |
1 |
|
|a Ďurica, Milan S.,
|d 1925-2024
|4 aut
|9 93495
|
| 245 |
1 |
0 |
|a Ohrozenia kresťanstva
|c Milan S. Ďurica
|
| 300 |
|
|
|b Fotogr.
|
| 500 |
|
|
|a Dokončenie z predchádzajúceho čísla
|
| 610 |
2 |
7 |
|a Katolícka cirkev
|2 snkbucl
|9 206702
|
| 610 |
2 |
7 |
|a Európska únia
|2 snkbucl
|9 29861
|
| 650 |
0 |
7 |
|a kresťanstvo
|2 snkbucl
|9 2024
|
| 650 |
0 |
7 |
|a masmédiá
|2 snkbucl
|9 1418
|
| 651 |
|
7 |
|a Slovensko
|2 snkbucl
|9 14231
|
| 651 |
|
7 |
|a Európa
|2 snkbucl
|9 167569
|
| 655 |
|
7 |
|a analýzy
|2 snkbucl
|9 22242
|
| 773 |
0 |
|
|t Kultúra
|g Roč. XIII, č. 3 (2010), s. 4
|x 1335-3470
|
| 850 |
|
|
|a Slovenská národná knižnica
|
| 852 |
|
|
|a Slovenská národná knižnica
|
| 856 |
4 |
1 |
|u http://www.kultura-fb.sk/new/old/archive/pdf/kult0310.pdf
|
| 954 |
|
|
|a odborná, vedecká literatúra pôvodná (slovenská)
|2 lita
|
| 958 |
|
|
|a article13
|
| 958 |
|
|
|a OND
|
| 958 |
|
|
|a EUIPO
|
| 999 |
|
|
|c 3139549
|d 3141479
|